000 00287nam a22001217a 4500
008 171005b xxu||||| |||| 00| 0 eng d
041 _aeng
080 _a519.9
100 _a49
101 _aPSI
245 _aEXPERIMENTAL DESIN IN PSYCHOLOGICAL RESEARCH
_cEDWARDS,A.L
942 _2udc
_cBK
999 _c31939
_d31939